<?xml version="1.0" encoding="UTF-8"?>
<record
    xmlns:xsi="http://www.w3.org/2001/XMLSchema-instance"
    xsi:schemaLocation="http://www.loc.gov/MARC21/slim http://www.loc.gov/standards/marcxml/schema/MARC21slim.xsd"
    xmlns="http://www.loc.gov/MARC21/slim">

  <leader>01907nam a22002777a 4500</leader>
  <controlfield tag="003">DO-SdBNP</controlfield>
  <controlfield tag="005">20211019111159.0</controlfield>
  <controlfield tag="007">ta</controlfield>
  <controlfield tag="008">210906b 2019  dr  00| 0 eng d</controlfield>
  <datafield tag="020" ind1=" " ind2=" ">
    <subfield code="a">9789945894691 (r&#xFA;stica)</subfield>
  </datafield>
  <datafield tag="020" ind1=" " ind2=" ">
    <subfield code="a">9789945917901 (tapa dura)</subfield>
  </datafield>
  <datafield tag="040" ind1=" " ind2=" ">
    <subfield code="a">DO-SdBNP</subfield>
    <subfield code="b">spa</subfield>
    <subfield code="c">BPMSU </subfield>
  </datafield>
  <datafield tag="082" ind1=" " ind2=" ">
    <subfield code="b">E77s 2019</subfield>
    <subfield code="a">RD863.44</subfield>
    <subfield code="2">22</subfield>
  </datafield>
  <datafield tag="100" ind1="1" ind2=" ">
    <subfield code="a">Espaillat Cabral, Arnaldo</subfield>
  </datafield>
  <datafield tag="245" ind1="1" ind2="3">
    <subfield code="a">El secreto del monje /</subfield>
    <subfield code="c">Arnaldo Espaillat Cabral</subfield>
  </datafield>
  <datafield tag="260" ind1=" " ind2=" ">
    <subfield code="a">Santo Domingo :</subfield>
    <subfield code="b">Academia de Ciencias de la Rep&#xFA;blica Dominicana,</subfield>
    <subfield code="c">2019.</subfield>
  </datafield>
  <datafield tag="300" ind1=" " ind2=" ">
    <subfield code="a">293 p. :</subfield>
    <subfield code="b">il. ;</subfield>
    <subfield code="c">23 cm.. </subfield>
  </datafield>
  <datafield tag="500" ind1=" " ind2=" ">
    <subfield code="a">Incluye datos biogr&#xE1;ficos del autor en la solapa de la cubierta</subfield>
  </datafield>
  <datafield tag="505" ind1=" " ind2=" ">
    <subfield code="a">Santo Domingo, 1881: -- La cinta secreta -- El testamento --El cronista de las Indias -- Los caballeros del Adviento --Ese hombre es un Don Juan  -- El conde de Villamediana -- A la hora del Angelus. el alcazar: -- El presbiterio de la Catedral --Un error hist&#xF3;rico. El convento de la Merced  -- La celda del monje -- Bajo las arcadas del claustro -- La madre desconocida -- El servicio secreto --  La nao Santa Catalina  -- La boda secreta -- El c&#xF3;digo de las siete partidas -- La sin ventura -- En el valle de Panchoy. El nitaino del Ozama  --La heredera -- Las heridas del ayer -- El mes&#xF3;n de Araujo.-- Once a&#xF1;os despu&#xE9;s : -- La ins&#xF3;lita demanda -- A puerta cerrada --Los imponderables --Las hojas secas -- La prueba documental. La condesa de Lemos  -- : --La impunidad engendra pecado -- Un inefable magnetismo -- Las oligarqu&#xED;as nunca olvidan -- Las llagas del pecado --Una fragante flor de loto --  Cuando impera la intriga  -- El convento de Santa Clara -- Impera una calma ominosa -- Ep&#xED;logo</subfield>
  </datafield>
  <datafield tag="590" ind1=" " ind2=" ">
    <subfield code="a">Inventariado, 2021/VM</subfield>
  </datafield>
  <datafield tag="650" ind1=" " ind2="4">
    <subfield code="a">Novela hist&#xF3;rica  dominicana </subfield>
  </datafield>
  <datafield tag="650" ind1=" " ind2="4">
    <subfield code="a">Literatura dominicana</subfield>
  </datafield>
  <datafield tag="710" ind1="2" ind2=" ">
    <subfield code="a"> Academia de Ciencias de la Rep&#xFA;blica Dominicana,</subfield>
  </datafield>
  <datafield tag="910" ind1=" " ind2=" ">
    <subfield code="a">VMateo V,</subfield>
  </datafield>
  <datafield tag="942" ind1=" " ind2=" ">
    <subfield code="2">ddc</subfield>
    <subfield code="c">BK</subfield>
  </datafield>
  <datafield tag="952" ind1=" " ind2=" ">
    <subfield code="0">0</subfield>
    <subfield code="1">0</subfield>
    <subfield code="2">ddc</subfield>
    <subfield code="4">0</subfield>
    <subfield code="7">0</subfield>
    <subfield code="8">CD</subfield>
    <subfield code="a">BPMET</subfield>
    <subfield code="b">BPMET</subfield>
    <subfield code="d">2021-10-19</subfield>
    <subfield code="l">0</subfield>
    <subfield code="o">BPMSU CD RD863.44 E77s 2019 </subfield>
    <subfield code="p">BPMSU21100114</subfield>
    <subfield code="r">2021-10-19</subfield>
    <subfield code="w">2021-10-19</subfield>
    <subfield code="y">BK</subfield>
  </datafield>
  <datafield tag="952" ind1=" " ind2=" ">
    <subfield code="0">0</subfield>
    <subfield code="1">0</subfield>
    <subfield code="2">ddc</subfield>
    <subfield code="4">0</subfield>
    <subfield code="7">0</subfield>
    <subfield code="8">CD</subfield>
    <subfield code="a">BPMET</subfield>
    <subfield code="b">BPMET</subfield>
    <subfield code="d">2021-10-19</subfield>
    <subfield code="o">BPMSU CD RD863.44 E77s 2019 </subfield>
    <subfield code="p">BPMSU21100115</subfield>
    <subfield code="r">2021-10-19</subfield>
    <subfield code="t">e.2</subfield>
    <subfield code="w">2021-10-19</subfield>
    <subfield code="y">BK</subfield>
  </datafield>
  <datafield tag="952" ind1=" " ind2=" ">
    <subfield code="0">0</subfield>
    <subfield code="1">0</subfield>
    <subfield code="2">ddc</subfield>
    <subfield code="4">0</subfield>
    <subfield code="7">0</subfield>
    <subfield code="8">CD</subfield>
    <subfield code="a">BPMET</subfield>
    <subfield code="b">BPMET</subfield>
    <subfield code="d">2021-10-19</subfield>
    <subfield code="e">Editora B&#xFA;ho</subfield>
    <subfield code="o">BPMSU CD RD863.44 E77s 2019 </subfield>
    <subfield code="p">BPMSU21100116</subfield>
    <subfield code="r">2021-10-19</subfield>
    <subfield code="t">e.3</subfield>
    <subfield code="w">2021-10-19</subfield>
    <subfield code="y">BK</subfield>
  </datafield>
  <datafield tag="999" ind1=" " ind2=" ">
    <subfield code="c">13806</subfield>
    <subfield code="d">13806</subfield>
  </datafield>
</record>
